[Event "Andalucia-ch Seniors"]
[Site "Almeria"]
[Date "2011.04.18"]
[Round "2.7"]
[White "Moreno Bello, Miguel"]
[Black "Ontiveros Lopez, Francisco"]
[Result "0-1"]
[WhiteElo "1669"]
[BlackElo "1644"]
[PlyCount "51"]
[EventDate "2011.04.17"]
[EventType "swiss"]
[EventRounds "6"]
[EventCountry "ESP"]
[SourceTitle "EXT 2024"]
[Source "ChessBase"]
[SourceDate "2023.10.10"]
[SourceVersion "1"]
[SourceVersionDate "2023.10.10"]
[SourceQuality "1"]

1. a3 d5 2. d4 Bf5 3. Nc3 Nf6 4. f3 h6 5. g4 Bh7 6. Bf4 e6 7. Qd2 a6 8. h4 Bd6 9. g5 Nh5 10. Bxd6 Qxd6 11. 0-0-0 Ng3 12. gxh6 gxh6 13. Qxh6 Nxh1 14. Qg7 Qf8 15. Qe5 Kd7 16. Bh3 Nc6 17. Qh2 Qh6+ 18. Kb1 Qg6 19. Nxd5 Qxc2+ 20. Ka2 Qc4+ 21. Ka1 Qxd5 22. Qxh1 Nxd4 23. Rxd4 Qxd4 24. e4 Qd1+ 25. Ka2 Rag8 26. Bg2 0-1